| 000 | 00841nam a2200253 a 4500 | ||
|---|---|---|---|
| 001 | 66556 | ||
| 003 | BD-RjUL | ||
| 005 | 20211209081544.0 | ||
| 008 | 170318s1960 nyu 001 0 eng d | ||
| 035 | _a(BD-RjUL)66686 | ||
| 040 |
_aEQO _cEQO _beng _dBD-RjUL |
||
| 041 | _aeng | ||
| 082 |
_223 _a614 _bHEH 1960 |
||
| 100 | 1 |
_aHenry, E. _q(Henry Ernest), _d1891-1957. _938153 |
|
| 245 | 1 | 0 |
_aHenry E. Sigerist on the sociology of medicine / _cedited by M. I. Roemer ; foreword by James M. Mackintosh. |
| 260 |
_aNew York : _bM. D. Publications, _cc1960. |
||
| 300 |
_axiii, 397 p. ; _c24 cm. |
||
| 504 | _aIncludes index. | ||
| 600 |
_aSigerist, Henry E. _d1891-1957. _9202262 |
||
| 650 | 0 |
_aSocial medicine. _9197003 |
|
| 650 | 0 |
_aSocial medicine _xHistory. _9197004 |
|
| 700 | 1 |
_aRoemer, Milton Irwin, _d1916-2001. _9197005 |
|
| 942 |
_2ddc _cBK |
||
| 999 |
_c66556 _d66556 |
||